000 00820nam a2200265Ia 4500
005 20220317001042.0
008 160825s2007 sp g 000 0 spa
020 _a97884831051012
100 1 _aVian, Boris
_d1920-1959
245 1 3 _aLa hierba roja
_cBoris Vian ; traducido por Jordi Martí
250 _a3a. edición
300 _a194 páginas
_c19 cm
490 _aFábula
650 1 4 _2LEMB
_aNovela francesa
_ySiglo XX
650 1 4 _2LEMB
_aLiteratura francesa
_ySiglo XX
650 1 4 _2LEMB
_aAventuras en la literatura
700 1 _aMartí, Jordi
_911363
942 _2loc
_cBKLIT
264 _aBarcelona
_bTusquets
_c2007
336 _atexto
_btxt
_2rdacontent
337 _asin mediación
_bn
_2rdamedia
338 _avolumen
_bnc
_2rdacarrier
040 _aCO-BoRNBP
_bspa
_erda
_cCO-BoRNBP
084 _aN VIA2
999 _c5790
_d5790